Países más cercanos a Georgia - Estadísticas

Estadísticas generales
  • Esta prueba ha sido intentada 58 veces
  • La puntuación promedio es 18 de 20
Estadísticas de respuestas
km país % Correcto
0 Armenia
100%
0 Azerbaiyán
100%
419 Irak
100%
189 Irán
100%
0 Rusia
100%
0 Turquía
100%
1042 Israel
96%
437 Siria
96%
774 Uzbekistán
95%
417 Ucrania
93%
885 Líbano
89%
479 Turkmenistán
89%
956 Jordania
88%
844 Rumania
88%
1055 Arabia Saudita
86%
428 Kazajistán
86%
919 Bulgaria
84%
887 Chipre
82%
843 Moldavia
80%
1115 Bielorrusia
77%
No se encontraron pruebas coincidentes
Distribución de puntuación
Porcentaje de gente con cada puntuación
Porcentaje por número respondido
Historial de tus puntuaciones
No has intentado esta prueba.